L'Économie, le Travail, l'Entreprise : volume 3 (notice n° 1713726)
[ vue normale ]
| 000 -LEADER | |
|---|---|
| fixed length control field | 01065cam a2200145 4500500 |
| 005 - DATE AND TIME OF LATEST TRANSACTION | |
| control field | 20260322001320.0 |
| 041 ## - LANGUAGE CODE | |
| Language code of text/sound track or separate title | fre |
| 042 ## - AUTHENTICATION CODE | |
| Authentication code | dc |
| 100 10 - MAIN ENTRY--PERSONAL NAME | |
| Personal name | Michaud, Yves |
| Relator term | author |
| 245 00 - TITLE STATEMENT | |
| Title | L'Économie, le Travail, l'Entreprise : volume 3 |
| 260 ## - PUBLICATION, DISTRIBUTION, ETC. | |
| Name of publisher, distributor, etc. | Odile Jacob,<br/> |
| Date of publication, distribution, etc. | 2002.<br/> |
| 520 ## - SUMMARY, ETC. | |
| Summary, etc. | Les grandes questions que posent la vie économique, le travail et l’entreprise aujourd’hui : la production et la circulation des richesses, l’innovation et le risque, l’avenir du travail, les enjeux de la formation. L’Université de tous les savoirs : une approche contemporaine des différents domaines de la connaissance dans un esprit qui est à la fois celui du bilan encyclopédique et celui du questionnement d’avenir. Contributions, notamment, d’Edmond Alphandéry, Daniel Cohen, Élie Cohen, André Orléan, Robert Rochefort, Christian Stoffaës, Alain Touraine. |
| 700 10 - ADDED ENTRY--PERSONAL NAME | |
| Personal name | Université de tous les savoirs |
| Relator term | author |
| 856 41 - ELECTRONIC LOCATION AND ACCESS | |
| Uniform Resource Identifier | <a href="https://shs.cairn.info/l-economie-le-travail-l-entreprise--9782738110565?lang=fr&redirect-ssocas=7080">https://shs.cairn.info/l-economie-le-travail-l-entreprise--9782738110565?lang=fr&redirect-ssocas=7080</a> |
Pas d'exemplaire disponible.




Réseaux sociaux